| 000 | 01350 am a2200361 a 4500 | ||
|---|---|---|---|
| 005 | 20240222121126.0 | ||
| 008 | 100415s2005||||ag a f |||| 000 0 spa d | ||
| 020 | _aS/N | ||
| 041 | _aspa | ||
| 092 |
_c612.4 _l53 _sMOG |
||
| 100 | 1 |
_aMoguilevsky, Jaime A. _9243 |
|
| 245 |
_aFisiología endócrina y de la reproducción. _bIntroducción a la psicoinmunoneuroendocrinología / _cJaime A. Moguilevsky |
||
| 250 | _a1a ed. reimp. | ||
| 260 |
_aBuenos Aires: _bEdición del Autor; _c2005. |
||
| 300 |
_a267 p. _bil. |
||
| 500 | _aMoguilevsky, J. (2005). Fisiología endócrina y de la reproducción. Introducción a la psicoinmunoneuroendocrinología. (1a ed.). Buenos Aires : Edición del Autor. | ||
| 653 | _aPrincipios generales de la fisiología endocrina | ||
| 653 | _aIntroducción a la biología molecular | ||
| 653 | _aUnidad hipotálamo hipofisaria | ||
| 653 | _aGlándula tiroides | ||
| 653 | _aMetabolismo fosfocalcico | ||
| 653 | _aGlándula suprarrenal | ||
| 653 | _aPáncreas endócrino | ||
| 653 | _aFactores de crecimiento | ||
| 653 | _aDiferenciación sexual | ||
| 653 | _aReproducción femenina | ||
| 653 | _aReproducción masculina | ||
| 653 | _aEndocrinología del embarazo | ||
| 653 | _aNeuroinmunoendocrinología | ||
| 653 | _aIntegración psiconeuroendocrinológica | ||
| 930 | _a1323 | ||
| 942 |
_2ddc _cBK |
||
| 999 |
_c880 _d880 |
||